Personnalités - Elles vont par deux - Statistiques

Statistiques générales
  • Ce quiz a été pris 113 fois
  • Le résultat moyen est 12 sur 20
Statistiques - réponses
Personnalité 1 Réponse Personnalité 2 Hint sur la personnalité 2 % Correct
Janet Jackson Michael Chanteur
94%
David Hallyday Johnny Chanteur
92%
Robbie Williams Robin Acteur
86%
Vanessa Williams Venus Joueuse de tennis
86%
Serge Gainsbourg Charlotte Actrice
84%
Emma Roberts Julia Actrice
75%
Guillaume Depardieu Gérard Acteur
68%
Giovanni Castaldi Benjamin Animateur
65%
Ben Johnson Magic Joueur de basket-ball
61%
Gabriel Attal Yvan Acteur
60%
Paul Belmondo Jean-Paul Acteur
59%
John Barrymore Drew Actrice
58%
Perez Hilton Paris Socialite
54%
Shannen Doherty Pete Chanteur
49%
Robert Kennedy John Homme politique
48%
Romane Bohringer Richard Acteur
39%
Rosemary Clooney Georges Acteur
35%
Steve McQueen Steve Acteur
32%
Diane Keaton Michael Acteur
28%
Paul Thomas Anderson Paul W.S Réalisateur
20%
Aucun quiz correspondant
Distribution des résultats
% des personnes avec chaque résultat
Percentile par nombre de réponses
Votre historique - résultats
Vous n’avez pas pris ce quiz